Score 0/30 Timer 06:00
6 Plays Today
% Correct
snorkel
90.8%
or 'til
90.1%
sparkle
90.1%
cork'll
89.7%
mortal
89.5%
or hill
88.6%
pork'll
88.6%
walk'll
88.5%
portal
88.2%
dorsal
88.1%
or quill
87.8%
more still
87.8%
orc hell
87.7%
stork'll
87.6%
nor kill
87.5%
% Correct
York'll
87.3%
for dill
85.3%
door sill
85.1%
talk'll
85%
Spock'll
84.8%
or Bill
84.1%
spork'll
82.6%
morsel
82.2%
boar kill
82.1%
cordial
80.6%
store till
80.5%
Björk'll
77.9%
fork'll
75.9%
Mork'll
75%
hawk'll
70.5%
Remove Ads.
Support Sporcle.
Get the best of Sporcle when you Go Orange. This ad-free experience offers more features, more stats, and more fun while also helping to support Sporcle. Thank you for becoming a member.

You're not logged in!

Compare scores with friends on all Sporcle quizzes.
OR
Log In

Show Comments

Extras

Top Quizzes Today


Score Distribution

Your Account Isn't Verified!

In order to create a playlist on Sporcle, you need to verify the email address you used during registration. Go to your Sporcle Settings to finish the process.

Report this User

Report this user for behavior that violates our Community Guidelines.

Details: